000
00276nam a2200109Ia 4500
005
20251222152014.0
008
251222s9999||||xx |||||||||||||| ||spa||
082
_a
634.44/F81
100
_a
"Franciosi Tijero, Rafael"
245
0
_a
El cultivo del mango en el PerĂº
942
_c
LIB
999
_c
25027
_d
25027